Keeping faith : (Record no. 1300)

MARC details
000 -LEADER
fixed length control field 00701pam a2200217 4500
001 - CONTROL NUMBER
control field 1723
003 - CONTROL NUMBER IDENTIFIER
control field OCoLC
005 - DATE AND TIME OF LATEST TRANSACTION
control field 20181127163856.0
008 - FIXED-LENGTH DATA ELEMENTS--GENERAL INFORMATION
fixed length control field 930330s1993 nyu b 001 0 eng
010 ## - LIBRARY OF CONGRESS CONTROL NUMBER
LC control number 93019377
020 ## - INTERNATIONAL STANDARD BOOK NUMBER
International Standard Book Number 0415904862 (HB : acid-free paper)
043 ## - GEOGRAPHIC AREA CODE
Geographic area code n-us---
100 1# - MAIN ENTRY--PERSONAL NAME
Personal name West, Cornel.
245 10 - TITLE STATEMENT
Title Keeping faith :
Remainder of title philosophy and race in America /
Statement of responsibility, etc. Cornel West.
260 ## - PUBLICATION, DISTRIBUTION, ETC.
Place of publication, distribution, etc. New York :
Name of publisher, distributor, etc. Routledge,
Date of publication, distribution, etc. 1993.
300 ## - PHYSICAL DESCRIPTION
Extent xvii, 319 p. ;
Dimensions 23 cm.
504 ## - BIBLIOGRAPHY, ETC. NOTE
Bibliography, etc. note Includes bibliographical references (p. [293]-308) and index.
650 #0 - SUBJECT ADDED ENTRY--TOPICAL TERM
Topical term or geographic name entry element African Americans
General subdivision Intellectual life.
Topical term or geographic name entry element African Americans
General subdivision Politics and government.
651 #0 - SUBJECT ADDED ENTRY--GEOGRAPHIC NAME
Geographic name United States
General subdivision Race relations.
Holdings
Withdrawn status Lost status Source of classification or shelving scheme Damaged status Not for loan Collection code Home library Current library Shelving location Date acquired Serial Enumeration / chronology Inventory number Total Checkouts Full call number Barcode Date last seen Price effective from Koha item type
    Dewey Decimal Classification     Main TEST RTC Library RTC Library Main opac 12/01/2022 877   305.896 WES 30005258 12/01/2022 27/11/2018 Main
Royal Thimphu College || All Right Reserved